Quality of Life Measurements in EU Countries

Enregistré dans:
Détails bibliographiques
Auteur principal: Beslerová, Stela
Autres auteurs: Dzuričková, Jana
Format: Chapitre de livre
Langue:anglais
Tags: Ajouter un tag
Pas de tags, Soyez le premier à ajouter un tag!

MARC

LEADER 00000nla a2200000 4500
001 0186390
005 20240502083438.8
041 0 |a eng 
044 |a CZ 
245 1 0 |a Quality of Life Measurements in EU Countries  |c Stela Beslerová, Jana Dzuričková 
500 |a Abstrakt 
100 1 |a Beslerová, Stela 
700 1 |a Dzuričková, Jana